| 000 | 00763nam a2200193 4500 | ||
|---|---|---|---|
| 001 | 136879 | ||
| 003 | ES-MaACL | ||
| 005 | 20230906195243.0 | ||
| 007 | t| | ||
| 008 | 070214s1947 ag r ||||1| spa d | ||
| 245 | 0 | 0 |
_aIntroducción al estudio de los aminoácidos y proteínas / _ceditado por Melville Sahyun ; colaboran Henry B. Bull [et. al.] ; traducción de José Luis M. Anthonisen ; prólogo de la edición castellana de Agustín D. Marenzi. |
| 260 |
_aBuenos Aires : _bEd. Médico Quirúrgica, _c1947. |
||
| 300 |
_a324 p. : _bil. ; _c23 cm. |
||
| 700 | 1 |
_aSahyun, Melville. _9101483 |
|
| 700 | 1 |
_aBull, Henry B. _932504 |
|
| 700 | 1 |
_aAnthonisen, José Luis M. _921883 |
|
| 700 | 1 |
_aMarenzi, Agustín D. _976589 |
|
| 852 |
_aES-MaACL _jC-4745 _bR.25107 |
||
| 999 |
_c136879 _d136879 |
||